軌間の異なる路線を持つ鉄道事業者 - Statistics

General Stats
  • This quiz has been taken 938 times
  • The average score is 11 of 20
Answer Stats
Answer % Correct
近畿日本鉄道
88%
京王電鉄
86%
北海道旅客鉄道
85%
東日本旅客鉄道
85%
西日本旅客鉄道
85%
九州旅客鉄道
85%
東海旅客鉄道
84%
東京都交通局
78%
三岐鉄道
58%
西日本鉄道
53%
東京地下鉄
51%
東急電鉄
47%
名古屋市交通局
41%
福岡市交通局
40%
京阪電気鉄道
39%
仙台市交通局
34%
箱根登山鉄道
30%
神戸高速鉄道
16%
京福電気鉄道
7%
成田空港高速鉄道
4%
No matching quizzes found
Score Distribution
Percent of People with Each Score
Percentile by Number Answered
Your Score History
You have not taken this quiz